MARC details
| 000 -CABECERA |
| campo de control de longitud fija |
01735nab a2200277 a 4500 |
| 005 - FECHA Y HORA DE LA ÚLTIMA TRANSACCIÓN |
| campo de control |
20250826132222.0 |
| 008 - ELEMENTOS DE LONGITUD FIJA--INFORMACIÓN GENERAL |
| campo de control de longitud fija |
991125s1985 mx 000 0 spa u |
| 035 ## - NÚMERO DE CONTROL DEL SISTEMA |
| Número de control de sistema |
UPN01000235313 |
| 040 ## - FUENTE DE LA CATALOGACIÓN |
| Centro catalogador/agencia de origen |
MX-MxUPN |
| Lengua de catalogación |
spa |
| Centro/agencia transcriptor |
MX-MxUPN |
| Normas de descripción |
aacr2 |
| 049 ## - COLECCIÓN |
| Colección |
ART-E |
| 100 1# - ASIENTO PRINCIPAL--NOMBRE PERSONAL |
| Nombre de persona |
Martín Andrade, Pablo |
| Enlace |
- pablomartinandrade@gmail.com |
| 245 13 - MENCIÓN DE TÍTULO |
| Título |
La atención educativa de los alumnos ciegos y con baja visión : |
| Resto del título |
la acción del maestro itinerante y del PT en los centros educativos |
| Medio |
[recurso electrónico en línea] |
| 506 0# - NOTA DE RESTRICCIONES AL ACCESO |
| Limitaciones de acceso |
Acceso abierto |
| 520 3# - NOTA DE RESUMEN, ETC. |
| Sumario, etc. |
Las implicaciones que tiene la deficiencia visual en el desarrollo de la persona y las necesidades que de ella se derivan, hacen que la atención educativa a los alumnos ciegos y con baja visión requiera de la participación, junto al maestro de aula, de dos tipos de maestros de apoyo: el “PT” del Centro donde está escolarizado y el “itinerante” del Equipo Específico. Se muestra el papel de ambos maestros de apoyo, detallándose más el del maestro “itinerante”, por ser una figura especializada en el apoyo a los alumnos ciegos y con baja visión que realiza su labor fundamentalmente dentro del contexto de la propia escuela. Padres y maestros |
| 541 ## - NOTA DE FUENTE DE ADQUISICIÓN DIRECTA |
| Fuente de adquisición |
Acceso gratuito |
| 650 #2 - ASIENTO SECUNDARIO DE MATERIA - TERMINO TEMATICO |
| Término de materia o nombre geográfico como elemento de entrada |
Personas con discapacidad visual |
| 9 (RLIN) |
9815 |
| 653 0# - TERMINO DE INDIZACION - NO CONTROLADO |
| Término no controlado |
Deficiencia visual |
| 653 0# - TERMINO DE INDIZACION - NO CONTROLADO |
| Término no controlado |
Pedagogía terapéutica |
| 653 0# - TERMINO DE INDIZACION - NO CONTROLADO |
| Término no controlado |
Maestro itinerante |
| 773 ## - ENLACE AL DOCUMENTO FUENTE/ENTRADA DE REGISTRO ANFITRIÓN |
| Parte(s) relacionada(s) |
No. 365, (2016), p. 12-18 |
| Título |
Revista padres y maestros |
| Número Internacional Normalizado para Publicaciones Seriadas |
2255-1042 |
| 856 4# - LOCALIZACIÓN Y ACCESO ELECTRÓNICOS |
| Identificador Uniforme del Recurso |
<a href="https://revistas.comillas.edu/index.php/padresymaestros/article/view/6682/6481">https://revistas.comillas.edu/index.php/padresymaestros/article/view/6682/6481</a> |
| 856 4# - LOCALIZACIÓN Y ACCESO ELECTRÓNICOS |
| Identificador Uniforme del Recurso |
<a href="https://doi.org/10.14422/pym.i365.y2016.002">https://doi.org/10.14422/pym.i365.y2016.002</a> |
| 902 ## - ELEMENTOS DE DATOS B LOCAL, LDB (RLIN) |
| Creó |
Leonor Sotres/260825 |
| 905 ## - TIPO DE MATERIAL |
| Tipo de material |
Articulo |
| 942 ## - ELEMENTOS DE PUNTO DE ACCESO ADICIONAL (KOHA) |
| Tipo de ítem Koha |
Artículo Electrónico |
| Fuente del sistema de clasificación o colocación |
Library of Congress Classification |